Indianization of civil services in British India (Record no. 15482)

MARC details
000 -LEADER
fixed length control field 00417nam a2200145Ia 4500
082 ## - DEWEY DECIMAL CLASSIFICATION NUMBER
Classification number TS.0458
100 ## - MAIN ENTRY--AUTHOR NAME
Personal name Sharma, Malti
245 #0 - TITLE STATEMENT
Title Indianization of civil services in British India
260 ## - PUBLICATION, DISTRIBUTION, ETC. (IMPRINT)
Year of publication 1973
Name of publisher University of Lucknow
300 ## - PHYSICAL DESCRIPTION
Number of Pages 386p. + C D - 56
650 ## - SUBJECT ADDED ENTRY--TOPICAL TERM
Topical Term INDIAN CIVIL SERVICE - 1858-1935
650 ## - SUBJECT ADDED ENTRY--TOPICAL TERM
Topical Term CIVIL SERVICE - INDIA///INDIAN CIVIL SERVICE
710 ## - ADDED ENTRY--CORPORATE NAME
Corporate name or jurisdiction name as entry element Quanvngo, S.N.
942 ## - ADDED ENTRY ELEMENTS (KOHA)
Koha item type Thesis
Source of classification or shelving scheme Dewey Decimal Classification
Holdings
Withdrawn status Lost status Damaged status Not for loan Home library Current library Date acquired Full call number Accession Number Price effective from Koha item type
        NASSDOC Library NASSDOC Library 08/10/2004 TS.0458 9081 18/04/2019 Thesis